00881nac a22002291u 4500010001600000020001500016020001500031082001900046090001500065100003400080245009300114260008000207300003400287500002900321504005300350511002600403650005000429700002900479942002100508999001500529952010700544 a 82015546 a0070354162 a007035416200a621.38151bKRA c7110d7110 aKraus, Allan D. 10aThermal analysis and control of electronic equipment /cAllan D. Kraus, Avram Bar-Cohen. aWashington :bHemisphere Pub. Corp. ;aNew York :bMcGraw-Hill,1983cc1983. axvi, 620 p. :bill. ;c25 cm. adistributed by: Al-Ahram aIncludes bibliographical references and indexes. acatalogued by: wessam 0aElectronic apparatus and appliancesxCooling.2 aBar-Cohen, Avram,d1946- cBBk621.38151KRA c7110d7110 00104070aMAINbMAINc1STd2008-01-03ePurchasel0o621.38151KRAp000008224r2025-07-15 00:00:00yBB